000
00312nam a2200133Ia 4500
008
230312s9999||||xx |||||||||||||| ||und||
082
_a
610
_b
KEM-O
100
_a
Kemp;William
245
0
_a
Organic Spectroscopy
260
_b
Palgrave
300
_a
393
650
_a
Pharmacy
_v
Organic Spectroscopy
942
_c
BK
999
_c
10763
_d
10763